[Event "Muensterland Verbandsklasse 1718"]
[Site "Germany"]
[Date "2018.04.28"]
[Round "9.5"]
[White "Busswolder, Peter"]
[Black "Schuurmans, Han"]
[Result "0-1"]
[WhiteElo "1758"]
[BlackElo "1710"]
[PlyCount "38"]
[EventDate "2017.09.16"]
[EventType "team-tourn"]
[EventRounds "9"]
[EventCountry "GER"]
[SourceTitle "EXT 2019"]
[Source "ChessBase"]
[SourceDate "2018.10.10"]
[SourceVersion "1"]
[SourceVersionDate "2018.10.10"]
[SourceQuality "1"]
[WhiteTeam "Stadtlohn"]
[BlackTeam "Suedlohn II"]
[WhiteTeamCountry "GER"]
[BlackTeamCountry "GER"]

1. d4 e6 2. c4 f5 3. Nc3 Nf6 4. Nf3 Bb4 5. Bd2 0-0 6. e3 d6 7. Bd3 Nbd7 8. Qc2 b6 9. Nb1 Bxd2+ 10. Nbxd2 Bb7 11. 0-0 Qe8 12. e4 fxe4 13. Nxe4 Qh5 14. Rae1 Rae8 15. Ng3 Qh6 16. Ne4 Nh5 17. Neg5 Bxf3 18. Nxf3 Rxf3 19. gxf3 Nf4 0-1

[Event "Muensterland Verbandsliga 1617"]
[Site "Germany"]
[Date "2017.05.06"]
[Round "9.3"]
[White "Fischer, Andreas"]
[Black "Busswolder, Peter"]
[Result "1-0"]
[WhiteElo "1927"]
[BlackElo "1734"]
[PlyCount "103"]
[EventDate "2016.09.10"]
[EventType "team"]
[EventRounds "9"]
[EventCountry "GER"]
[SourceTitle "EXT 2018"]
[Source "ChessBase"]
[SourceDate "2017.10.13"]
[SourceVersion "1"]
[SourceVersionDate "2017.10.13"]
[SourceQuality "1"]
[WhiteTeam "Saerbeck"]
[BlackTeam "Stadtlohn"]
[WhiteTeamCountry "GER"]
[BlackTeamCountry "GER"]

1. e4 c5 2. Nf3 d6 3. d4 cxd4 4. Nxd4 Nf6 5. f3 e6 6. c4 Be7 7. Be3 Nc6 8. Nc3 0-0 9. Be2 a6 10. 0-0 e5 11. Nb3 Be6 12. Rc1 Rc8 13. Qd2 Nb8 14. Nd5 Bxd5 15. cxd5 Qd7 16. Qb4 Rxc1 17. Rxc1 Rc8 18. a4 Rxc1+ 19. Bxc1 Qc7 20. Be3 Bd8 21. Bd3 Nfd7 22. Kf2 b6 23. Be2 Be7 24. Nd2 Nc5 25. Qc4 Qd7 26. Bd1 b5 27. axb5 axb5 28. Qc3 b4 29. Qc4 Nba6 30. Be2 Qb7 31. Qb5 Qxb5 32. Bxb5 Bd8 33. Bxa6 Nxa6 34. Ke2 Kf8 35. Kd3 Ke7 36. Kc4 Kd7 37. Kb5 Nc7+ 38. Kxb4 f5 39. Kc4 fxe4 40. Nxe4 h6 41. b4 Ne8 42. b5 Kc7 43. b6+ Kb7 44. Kb5 Be7 45. Nc3 Nf6 46. Kc4 Bd8 47. Kb5 Nd7 48. Ne4 Be7 49. Bf2 Nf6 50. Nxf6 gxf6 51. g4 Bd8 52. Be3 1-0

[Event "Muensterland Verbandsklasse 1314"]
[Site "Germany"]
[Date "2013.12.21"]
[Round "4.3"]
[White "Busswolder, Peter"]
[Black "Werremeyer, Achim"]
[Result "1-0"]
[WhiteElo "1747"]
[BlackElo "1763"]
[PlyCount "55"]
[EventDate "2013.09.21"]
[EventType "team-tourn"]
[EventRounds "9"]
[EventCountry "GER"]
[SourceTitle "EXT 2015"]
[Source "ChessBase"]
[SourceDate "2014.11.20"]
[SourceVersion "1"]
[SourceVersionDate "2014.11.20"]
[SourceQuality "1"]
[WhiteTeam "Stadtlohn"]
[BlackTeam "Ibbenbueren"]
[WhiteTeamCountry "GER"]
[BlackTeamCountry "GER"]

1. d4 Nf6 2. c4 e6 3. Nc3 Bb4 4. Nf3 c5 5. Bd2 0-0 6. e3 d5 7. a3 Bxc3 8. Bxc3 Ne4 9. Bd3 Nxc3 10. bxc3 Nc6 11. 0-0 Qe7 12. Re1 dxc4 13. Bxc4 Rd8 14. Qb3 Na5 15. Qb5 Nxc4 16. Qxc4 cxd4 17. cxd4 Bd7 18. Qc7 b6 19. Ne5 f6 20. Nc6 Qe8 21. Nxd8 Qxd8 22. Qxd8+ Rxd8 23. Rec1 Be8 24. Rc7 a5 25. Rac1 Rd7 26. Rxd7 Bxd7 27. Rc7 Be8 28. Re7 1-0

[Event "Muensterland Verbandsklasse 1314"]
[Site "Germany"]
[Date "2013.09.21"]
[Round "1.2"]
[White "Tenhuendfeld, Bernd"]
[Black "Busswolder, Peter"]
[Result "1-0"]
[WhiteElo "1794"]
[BlackElo "1747"]
[PlyCount "47"]
[EventDate "2013.09.21"]
[EventType "team-tourn"]
[EventRounds "9"]
[EventCountry "GER"]
[SourceTitle "EXT 2015"]
[Source "ChessBase"]
[SourceDate "2014.11.20"]
[SourceVersion "1"]
[SourceVersionDate "2014.11.20"]
[SourceQuality "1"]
[WhiteTeam "Ahaus Wessum II"]
[BlackTeam "Stadtlohn"]
[WhiteTeamCountry "GER"]
[BlackTeamCountry "GER"]

1. d4 d5 2. c4 e6 3. Nc3 Nf6 4. Nf3 Be7 5. Bf4 c6 6. e3 Nbd7 7. Rc1 0-0 8. Bd3 dxc4 9. Bxc4 Nb6 10. Bb3 Nfd5 11. Bg3 Bd6 12. Ne5 f6 13. Nd3 Kh8 14. e4 Nc7 15. e5 fxe5 16. Nxe5 Bxe5 17. Bxe5 Ncd5 18. Qg4 Qe7 19. Bc2 Nf6 20. Qh4 Nbd7 21. Bxh7 Nd5 22. Qh3 Qg5 23. Bg6+ Qh6 24. Qxh6+ 1-0

[Event "Muensterland Verbandsklasse-A 1011"]
[Site "Germany"]
[Date "2011.02.19"]
[Round "7.7"]
[White "Wehmschulte, Philipp"]
[Black "Busswolder, Peter"]
[Result "1/2-1/2"]
[WhiteElo "1457"]
[BlackElo "1618"]
[PlyCount "61"]
[EventDate "2010.09.18"]
[EventType "team-tourn"]
[EventRounds "9"]
[EventCountry "GER"]
[SourceTitle "EXT 2012"]
[Source "ChessBase"]
[SourceDate "2011.11.24"]
[SourceVersion "1"]
[SourceVersionDate "2011.11.24"]
[SourceQuality "1"]
[WhiteTeam "Ahaus Wessum II"]
[BlackTeam "Stadtlohn"]
[WhiteTeamCountry "GER"]
[BlackTeamCountry "GER"]

1. e4 e6 2. d4 d5 3. exd5 exd5 4. Bd3 Nf6 5. Bg5 Bd6 6. Nf3 0-0 7. 0-0 Bg4 8. Re1 Nbd7 9. Nbd2 c6 10. h3 Bh5 11. Bf5 Qc7 12. Bxd7 Nxd7 13. Be7 Rfe8 14. Bxd6 Qxd6 15. c3 h6 16. Qb3 b6 17. Qa4 Qc7 18. Qb4 c5 19. dxc5 bxc5 20. Qh4 Nf6 21. g4 Bg6 22. g5 hxg5 23. Qxg5 Rad8 24. Nh4 Bh7 25. Nf5 Bxf5 26. Qxf5 Qb6 27. b3 Qa5 28. Qc2 Re6 29. Rxe6 fxe6 30. Re1 Re8 31. Nf3 1/2-1/2